Traité élementaire de droit civil comparé (Record no. 52470)

MARC details
000 -LEADER
campo de control de longitud fija 00559nam a2200157 i 4500
001 - NÚMERO DE CONTROL
campo de control 52470
003 - IDENTIFICADOR DE NÚMERO DE CONTROL
campo de control ES-MaACL
005 - FECHA Y HORA DE LA ÚLTIMA TRANSACCIÓN
campo de control 20230906162604.0
007 - CAMPO FIJO DE DESCRIPCIÓN FÍSICA--INFORMACIÓN GENERAL
campo de control de longitud fija t|
008 - DATOS DE LONGITUD FIJA--INFORMACIÓN GENERAL
campo de control de longitud fija 030829s1950 fr ||||1| fre d
100 1# - ENTRADA PRINCIPAL--NOMBRE DE PERSONA
Nombre de persona David, René.
9 (RLIN) 42884
245 10 - MENCIÓN DEL TÍTULO
Título Traité élementaire de droit civil comparé
Resto del título : introduction a l'étude des droits etrangeres et á la methode comparative /
Mención de responsabilidad, etc. par René Davis.
260 ## - PUBLICACIÓN, DISTRIBUCIÓN, ETC.
Lugar de publicación, distribución, etc. Pairs :
Nombre del editor, distribuidor, etc. R. Pichon et R. Durand-Auzias,
Fecha de publicación, distribución, etc. 1950 (
Lugar de fabricación/manufactura Evreux :
Fabricante L. Bauche)
300 ## - DESCRIPCIÓN FÍSICA
Extensión VI, 556 p. ;
Dimensiones 23 cm.
852 ## - LOCALIZACIÓN
Ubicación ES-MaACL
Número de control de estantería D-7388
Sublocalización o colección R.31312
Holdings
Estatus retirado Estado de pérdida Estado de daño No para préstamo Biblioteca de origen Biblioteca actual Ubicación en estantería Fecha de adquisición Fuente de adquisición Total de préstamos Signatura topográfica completa Código de barras Visto por última vez Precio de reemplazo Tipo de ítem Koha
        Biblioteca del Ateneo de Madrid Biblioteca del Ateneo de Madrid Sala Valle Inclán 17/01/2008     D-7388 901055152 23/02/2023 23/02/2023 Libro impreso